00723njm a2200253Ia 450000100060000000300090000600500170001500800410003204000130007304000130008604100120009910000160011110000180012710000380014524500250018325000110020826000090021926000380022830000170026650000320028350500460031565000480036170000600040958082IT-RoPAU20220918181128.0131025s9999 xx 000 0 und d aIT-RoPAU cIT-RoPAU aINGLESE aCash Johnny eAutore musica gCodice autore musica SPICS: 14100 aI Still Miss Someone a1a ed. aROMA bSPICS RECORDSc1981 [1a Ed.:1981] aMUSICASSETTA aMusica folk. Musica country aPickin Time - My Schoes Keep Walking Back aFOLK [CASSETTE]eCodice MATERIA SPICS: 9951 aCash JohnnygCodice interprete SPICS: 14100eInterprete